000 00973nam a2200205 i 4500
001 26830
003 ES-MaACL
005 20230906153517.0
007 t|
008 030110s1879 sp ||||1| spa d
100 1 _aArrese Duque, Daniel Ramón de.
_923265
245 1 0 _aDiscurso leído en la Universidad Literaria de Sevilla en el acto de la apertura del curso académico de 1879 a 1880 /
_cpor Daniel Ramón de Arrese y Duque.
260 _aSevilla :
_b[s.n.],
_c1879 (
_fImprenta y Librería Española y Extrangera)
300 _a52 p. ;
_c27 cm.
500 _aTema del discurso: Progreso obtenido en el conocimiento del hebreo y del árabe clásicos.
650 4 _aLenguas semíticas.
_9136390
710 2 _aUniversidad Literaria de Sevilla.
_97391
852 _aES-MaACL
_jT-323-F-3
_z.- Enc. hol.
_z.-Falto de la cub. original
_z.-Enc. en un vol. facticio
852 _aES-MaACL
_jT-392-F-5
_z.- Enc. hol.
_z.- Falto de la cub. original
_z.- Enc. en un vol. facticio
999 _c26830
_d26830